000 00482nam a2200193Ia 4500
008 240509s9999 xx 000 0 und d
020 _a0000072119209
041 _aEng
082 _a005.4476
082 _bI82
100 _aIVENS K. & GERDINIER K.
245 4 _aTHE COMPLETE REFERENCE WINDOWS 2000
260 _bNEW YORK : MC GRAW HILL
260 _c2000
300 _a1070 p.
650 _aWINDOWS : WINDOWS 2000 : OPERATING SYSTEMS :
942 _2ddc
942 _cLBK
999 _c22193
_d22193
945 _a1
_bMadushi Gamage
_c1
_dMadushi Gamage